| 000 | 00543 a2200193 4500 | ||
|---|---|---|---|
| 001 | 54523 | ||
| 005 | 20260407155818.0 | ||
| 008 | 260407a1973 arg spa d | ||
| 003 | AR-UNSa-BCEJYS | ||
| 040 |
_aAR-UNSa-BCEJYS _bspa _cAR-UNSa-BCEJYS |
||
| 080 |
_a336.22 _xImpuestos |
||
| 245 | 1 | 0 | _aManual de regularización impositiva Ley Nº 20.532 |
| 264 | 1 |
_aBuenos Aires : _bCangallo _c1973 |
|
| 300 |
_a1973 _c23 cm. |
||
| 942 | _cBK | ||
| 590 | _aniveau_biblio:m niveau_hierar:0 | ||
| 100 | 1 | _aGrün, Ernesto | |
| 700 | 1 | _aBrandstadter, Curt | |
| 999 |
_c5605 _d5605 |
||